000 00963cab a2200193 4500
001 L129542
008 050428n2005 000 0 eng u
035 _a(Sirsi) u129542
041 _aeng
100 _aLane, Thomas
245 _aDon't get smart with us
260 _c2005
490 _aBuilding
_v270(8378) 22 April 2005, 62-64(3)
520 _aDescribes the different uses of Radio Frequency Identity Technology (RFID) within the construction industry. RFID could be used to monitor production from the factory to the site and allow facilities management teams to access and update service records of components installed in buildings. Some companies have started to use this technology, including precast concrete specialist Roger Bullivant, which has used RFID to monitor its production process. Includes information on how RFID tags work.
590 _aIKA290405
650 _aSUPPLY CHAIN MANAGEMENT
690 _aBUILT ENVIRONMENT
942 _n0
999 _c75161
_d75161